000 00723nam a22002177a 4500
003 OSt
005 20260310232900.0
008 260310b |||||||| |||| 00| 0 eng d
020 _a0-448-09555-6
040 _aDWCL GS lib
_cOC
082 _2K26m 1978
100 _aCAROLYN KEENE
245 _aMystery of crocodile island
_cCAROLYN KEENE
260 _aNew York
_b Grosset & Dunlap
_c1978
300 _avii, 180 pages:
_billustrations
_c19cm.
520 _afollows Nancy, Bess, and George to Florida to investigate a ring of ruthless, reptile-poaching criminals.
546 _aEnglish
650 _2Courage and Resourcefulness
650 _2Environmental Stewardship and Conservation
942 _2ddc
_cFIC.
_hFic.
_n0
999 _c8889
_d8889